[Event "Moscow op-E"]
[Site "Moscow"]
[Date "2011.02.06"]
[Round "9.112"]
[White "Moshensky, Denis"]
[Black "Terekhov, Konstantin"]
[Result "1-0"]
[WhiteElo "2039"]
[BlackElo "2223"]
[PlyCount "55"]
[EventDate "2011.01.29"]
[EventType "swiss"]
[EventRounds "9"]
[EventCountry "RUS"]
[SourceTitle "EXT 2022"]
[Source "ChessBase"]
[SourceDate "2021.10.06"]
[SourceVersion "1"]
[SourceVersionDate "2021.10.06"]
[SourceQuality "1"]

1. e4 c6 2. d4 d5 3. Nd2 dxe4 4. Nxe4 Bf5 5. Ng3 Bg6 6. h4 h6 7. Nf3 Nd7 8. h5 Bh7 9. Bd3 Bxd3 10. Qxd3 Ngf6 11. Bd2 Qc7 12. 0-0-0 e6 13. Qe2 0-0-0 14. Ne5 Nb8 15. Bc3 Nd5 16. Qf3 Bd6 17. Qxf7 Bxe5 18. Qxe6+ Nd7 19. dxe5 Nxc3 20. bxc3 Rhe8 21. Qd6 Qa5 22. Nf5 Qxa2 23. Ne7+ Rxe7 24. Qxe7 Qa1+ 25. Kd2 Qa5 26. Ke2 Qxc3 27. e6 Qxc2+ 28. Ke1 1-0

[Event "Moscow op-E"]
[Site "Moscow"]
[Date "2011.02.05"]
[Round "8.134"]
[White "Volodin, Ivan"]
[Black "Moshensky, Denis"]
[Result "0-1"]
[WhiteElo "2231"]
[BlackElo "2039"]
[PlyCount "60"]
[EventDate "2011.01.29"]
[EventType "swiss"]
[EventRounds "9"]
[EventCountry "RUS"]
[SourceTitle "EXT 2022"]
[Source "ChessBase"]
[SourceDate "2021.10.06"]
[SourceVersion "1"]
[SourceVersionDate "2021.10.06"]
[SourceQuality "1"]

1. c4 g6 2. Nc3 Bg7 3. e4 d6 4. g3 c5 5. Bg2 Nc6 6. Nge2 e5 7. 0-0 Nge7 8. d3 0-0 9. f4 Be6 10. Nd5 Qd7 11. Nec3 Bg4 12. Nxe7+ Nxe7 13. Qc2 Nc6 14. f5 Nd4 15. Qf2 gxf5 16. h3 fxe4 17. hxg4 exd3 18. Bh3 Nc2 19. Rb1 Qe6 20. Nd5 e4 21. Be3 Nxe3 22. Nxe3 Bd4 23. Kg2 Qe5 24. b3 Rae8 25. Qd2 Bxe3 26. Qxe3 Qd4 27. Qxd4 cxd4 28. Rbd1 Re5 29. Rd2 b5 30. cxb5 Rc8 0-1

[Event "Moscow op-E"]
[Site "Moscow"]
[Date "2011.02.02"]
[Round "5.121"]
[White "Moshensky, Denis"]
[Black "Vorobjov, Denis S"]
[Result "0-1"]
[WhiteElo "2039"]
[BlackElo "2248"]
[PlyCount "72"]
[EventDate "2011.01.29"]
[EventType "swiss"]
[EventRounds "9"]
[EventCountry "RUS"]
[SourceTitle "EXT 2022"]
[Source "ChessBase"]
[SourceDate "2021.10.06"]
[SourceVersion "1"]
[SourceVersionDate "2021.10.06"]
[SourceQuality "1"]

1. e4 Nc6 2. d4 d5 3. Nc3 dxe4 4. d5 Ne5 5. Nxe4 e6 6. Bb5+ c6 7. dxc6 Qxd1+ 8. Kxd1 bxc6 9. Ba4 Bb7 10. f3 Nf6 11. Ng3 0-0-0+ 12. Ke1 Bb4+ 13. c3 Nd3+ 14. Kf1 Bc5 15. N1e2 Nxc1 16. Rxc1 Be3 17. Rb1 Rd2 18. Ke1 Rd6 19. Nf1 Bb6 20. Nd2 Ba6 21. Bb3 Nd5 22. Bc4 Bb7 23. Bxd5 exd5 24. Nd4 c5 25. Nf5 Rf6 26. Ng3 Re6+ 27. Kd1 Rhe8 28. c4 dxc4 29. Nxc4 Bc7 30. Nf5 g6 31. Nh6 Ba6 32. b3 Bxc4 33. bxc4 Rd8+ 34. Kc2 Re2+ 35. Kc3 Red2 36. Kb3 R8d3+ 0-1

[Event "Moscow-ch U18"]
[Site "Moscow"]
[Date "2010.11.28"]
[Round "4"]
[White "Moshensky, Denis"]
[Black "Polyanskaya, Natalia"]
[Result "1-0"]
[WhiteElo "2008"]
[BlackElo "1905"]
[PlyCount "115"]
[EventDate "2010.11.21"]
[EventType "swiss"]
[EventRounds "9"]
[EventCountry "RUS"]
[SourceTitle "EXT 2012"]
[Source "ChessBase"]
[SourceDate "2011.11.24"]
[SourceVersion "1"]
[SourceVersionDate "2011.11.24"]
[SourceQuality "1"]

1. e4 e5 2. Nf3 Nc6 3. Bb5 a6 4. Ba4 d6 5. c3 Bd7 6. 0-0 g6 7. d4 Qe7 8. Re1 Bg7 9. d5 Nb8 10. c4 a5 11. Nc3 Nf6 12. a3 0-0 13. Bxd7 Nbxd7 14. Rb1 Nh5 15. b4 axb4 16. axb4 Nf4 17. g3 Nh5 18. Kg2 h6 19. Be3 Nhf6 20. Nd2 Ne8 21. f3 f5 22. Bg1 h5 23. Nb3 b6 24. Qe2 f4 25. Ra1 Rb8 26. Na4 Bh6 27. Qd3 fxg3 28. hxg3 h4 29. g4 Qf6 30. Rf1 Kg7 31. c5 Rh8 32. c6 Nf8 33. Nc3 Bf4 34. Kh3 Nh7 35. Ne2 Ng5+ 36. Kg2 h3+ 37. Kh1 h2 38. Be3 Bxe3 39. Qxe3 Rh3 40. Nd2 Rh7 41. Rf2 Nh3 42. Rxh2 Nf4 43. Rxh7+ Kxh7 44. Nxf4 exf4 45. Qa3 Qd4 46. Nf1 Qf2 47. Nh2 Ng7 48. Qa7 Qd4 49. Rf1 Rc8 50. Qb7 Rh8 51. Qxc7 Ra8 52. Qxd6 Qd2 53. Qf6 Ra2 54. Qh4+ Kg8 55. Rg1 Qxb4 56. c7 Rc2 57. Qd8+ Qf8 58. Ra1 1-0

[Event "RUS-chT U20"]
[Site "Rybinsk"]
[Date "2010.08.10"]
[Round "9"]
[White "Moshensky, Denis"]
[Black "Gogolev, Artem"]
[Result "0-1"]
[WhiteElo "2023"]
[BlackElo "1923"]
[PlyCount "76"]
[EventDate "2010.08.02"]
[EventType "team-swiss"]
[EventRounds "9"]
[EventCountry "RUS"]
[SourceTitle "EXT 2011"]
[Source "ChessBase"]
[SourceDate "2010.11.26"]
[SourceVersion "1"]
[SourceVersionDate "2010.11.26"]
[SourceQuality "1"]

1. e4 c5 2. Nf3 Nc6 3. d4 cxd4 4. Nxd4 Nf6 5. Nc3 e5 6. Ndb5 d6 7. Bg5 a6 8. Na3 b5 9. Nd5 Be7 10. Bxf6 Bxf6 11. c4 b4 12. Nc2 a5 13. Be2 Bg5 14. 0-0 0-0 15. b3 Ne7 16. Nde3 g6 17. Qd3 Qc7 18. Rfd1 Rd8 19. Bg4 Be6 20. Bxe6 fxe6 21. Qe2 Nc6 22. Rd3 Bf6 23. Rad1 Nd4 24. Nxd4 exd4 25. Nc2 e5 26. f4 Re8 27. Qg4 Bg7 28. f5 gxf5 29. Qxf5 Rf8 30. Qg4 Rf4 31. Qe2 Raf8 32. Rh3 Qf7 33. Qd3 Rxe4 34. Kh1 h6 35. Rg1 Rf4 36. Rg3 Rf1 37. Rxg7+ Kxg7 38. Qg3+ Qg6 0-1

[Event "RUS-chT U20"]
[Site "Rybinsk"]
[Date "2010.08.05"]
[Round "4"]
[White "Novoselov, Roman"]
[Black "Moshensky, Denis"]
[Result "1-0"]
[WhiteElo "2142"]
[BlackElo "2023"]
[PlyCount "63"]
[EventDate "2010.08.02"]
[EventType "team-swiss"]
[EventRounds "9"]
[EventCountry "RUS"]
[SourceTitle "EXT 2011"]
[Source "ChessBase"]
[SourceDate "2010.11.26"]
[SourceVersion "1"]
[SourceVersionDate "2010.11.26"]
[SourceQuality "1"]

1. e4 c5 2. Nc3 Nc6 3. Nge2 e6 4. d4 cxd4 5. Nxd4 Qc7 6. Be3 a6 7. Be2 Nf6 8. a3 Be7 9. 0-0 0-0 10. Qd2 d6 11. f4 Re8 12. Bf3 Rb8 13. Nce2 e5 14. Nxc6 bxc6 15. b4 Nd7 16. f5 Nb6 17. Qc3 Bb7 18. g4 Rbc8 19. g5 f6 20. gxf6 Bxf6 21. Rad1 d5 22. Qb3 Kh8 23. Bc5 Rcd8 24. Nc3 d4 25. Bxb6 Qxb6 26. Na4 Qc7 27. Nc5 Bc8 28. Be2 Be7 29. Rd3 a5 30. Rh3 Rf8 31. Bc4 Bxc5 32. Rxh7+ 1-0

[Event "RUS-chT U20"]
[Site "Rybinsk"]
[Date "2010.08.03"]
[Round "2"]
[White "Shashnev, Pavel"]
[Black "Moshensky, Denis"]
[Result "1/2-1/2"]
[WhiteElo "1872"]
[BlackElo "2023"]
[PlyCount "63"]
[EventDate "2010.08.02"]
[EventType "team-swiss"]
[EventRounds "9"]
[EventCountry "RUS"]
[SourceTitle "EXT 2011"]
[Source "ChessBase"]
[SourceDate "2010.11.26"]
[SourceVersion "1"]
[SourceVersionDate "2010.11.26"]
[SourceQuality "1"]

1. e4 c5 2. Nf3 e6 3. d4 cxd4 4. Nxd4 Nc6 5. Nxc6 bxc6 6. Bd3 d5 7. Nd2 Nf6 8. 0-0 Be7 9. b3 0-0 10. Bb2 Qc7 11. e5 Nd7 12. f4 f5 13. Kh1 Nc5 14. Qe2 Nxd3 15. cxd3 Ba6 16. Nf3 c5 17. Rfc1 Qb6 18. Qd2 h6 19. Ba3 Rfe8 20. Rab1 Bf8 21. d4 cxd4 22. Bxf8 Rxf8 23. Nxd4 Rfc8 24. h3 Rxc1+ 25. Rxc1 Rc8 26. Rxc8+ Bxc8 27. Qc3 Bd7 28. Kh2 Kf7 29. Kh1 Qa6 30. Kh2 Qb6 31. Kh1 Qa6 32. Kh2 1/2-1/2

[Event "Vladimir op-B"]
[Site "Vladimir"]
[Date "2009.08.25"]
[Round "6"]
[White "Volkov, Anton"]
[Black "Moshensky, Denis"]
[Result "0-1"]
[WhiteElo "2268"]
[BlackElo "1848"]
[PlyCount "90"]
[EventDate "2009.08.19"]
[EventType "swiss"]
[EventRounds "9"]
[EventCountry "RUS"]
[SourceTitle "EXT 2012"]
[Source "ChessBase"]
[SourceDate "2011.11.24"]
[SourceVersion "1"]
[SourceVersionDate "2011.11.24"]
[SourceQuality "1"]

1. e4 c5 2. f4 Nc6 3. Nf3 g6 4. Bc4 Bg7 5. 0-0 e6 6. Nc3 Nge7 7. e5 d6 8. exd6 Qxd6 9. d3 b6 10. Ne4 Qc7 11. c3 Bb7 12. Qe1 0-0 13. Qh4 Nf5 14. Qh3 Rfe8 15. g4 Nd6 16. Nxd6 Qxd6 17. f5 Ne5 18. Nxe5 Bxe5 19. f6 Qc6 20. Bg5 Qh1+ 21. Kf2 Qxh2+ 22. Qxh2 Bxh2 23. Ke3 a6 24. Bb3 Rad8 25. Rad1 b5 26. Rd2 Bc7 27. Bf4 e5 28. Bh6 Bb6 29. Bc2 c4+ 30. Ke2 cxd3+ 31. Rxd3 Rxd3 32. Bxd3 Bg2 33. Re1 e4 34. Bc2 Bf3+ 35. Kf1 e3 36. Bd3 Bxg4 37. Kg2 e2 38. a4 bxa4 39. Bxa6 Bd8 40. Bg7 Ba5 41. Bh6 a3 42. b4 Bd8 43. Bg7 a2 44. Kf2 Bb6+ 45. Kg3 h5 0-1

[Event "Vladimir op-B"]
[Site "Vladimir"]
[Date "2009.08.22"]
[Round "4"]
[White "Paushkin, Nikita"]
[Black "Moshensky, Denis"]
[Result "1-0"]
[WhiteElo "2102"]
[BlackElo "1848"]
[PlyCount "139"]
[EventDate "2009.08.19"]
[EventType "swiss"]
[EventRounds "9"]
[EventCountry "RUS"]
[SourceTitle "EXT 2012"]
[Source "ChessBase"]
[SourceDate "2011.11.24"]
[SourceVersion "1"]
[SourceVersionDate "2011.11.24"]
[SourceQuality "1"]

1. e4 c5 2. Nf3 d6 3. c3 Nf6 4. Be2 Nbd7 5. Qc2 Qc7 6. 0-0 b6 7. Re1 Bb7 8. Bf1 g6 9. d3 Bg7 10. h3 0-0 11. Na3 a6 12. Be3 Rae8 13. c4 e5 14. Qd2 Kh8 15. Bh6 Ng8 16. Bxg7+ Kxg7 17. Nh4 Nb8 18. Nc2 Nc6 19. f4 f6 20. Be2 Nge7 21. Rf1 Nd4 22. Nxd4 exd4 23. Rae1 Nc6 24. Bd1 Nd8 25. g4 Nf7 26. Nf3 Bc8 27. Rf2 Bd7 28. Rg2 Qc8 29. Nh2 Re7 30. Nf1 Rfe8 31. Ng3 Nd8 32. h4 Nc6 33. Rf1 Rf7 34. h5 Rh8 35. Qe2 Qe8 36. Rh2 Qe7 37. Qg2 Rg8 38. Bf3 Nd8 39. Qh3 Kf8 40. Re2 Ne6 41. Bg2 Nd8 42. h6 Nc6 43. b3 Nb4 44. a3 Nc6 45. Rfe1 Ke8 46. Bf3 Kd8 47. Qg2 Kc7 48. Nf1 Re8 49. g5 fxg5 50. e5 dxe5 51. fxe5 Nd8 52. e6 Bxe6 53. Nd2 Qf6 54. Ba8 Kb8 55. Bd5 Bxd5 56. Qg3+ Ka7 57. Rxe8 Bc6 58. Rf1 Qxf1+ 59. Nxf1 Bxe8 60. Qxg5 Nb7 61. Nd2 Bc6 62. Qe5 Rf5 63. Qg7 Rg5+ 64. Kf1 Rh5 65. Qxh7 g5 66. Qg7 g4 67. h7 g3 68. h8Q g2+ 69. Kf2 Rh1 70. Qc8 1-0

[Event "Obninsk op"]
[Site "Obninsk"]
[Date "2009.07.??"]
[Round "5"]
[White "Dadukov, Victor"]
[Black "Moshensky, Denis"]
[Result "1/2-1/2"]
[WhiteElo "2088"]
[BlackElo "1925"]
[PlyCount "98"]
[EventDate "2009.07.??"]
[EventType "swiss"]
[EventRounds "9"]
[EventCountry "RUS"]
[SourceTitle "CBM 131 Extra"]
[Source "ChessBase"]
[SourceDate "2009.09.03"]
[SourceVersion "2"]
[SourceVersionDate "2009.09.16"]
[SourceQuality "1"]

1. e4 c5 2. Nf3 d6 3. d4 cxd4 4. Nxd4 Nf6 5. Nc3 a6 6. Bg5 e6 7. f4 Qb6 8. Qd2 Nc6 9. 0-0-0 Nxd4 10. Qxd4 Qxd4 11. Rxd4 Be7 12. Be2 h6 13. Bh4 e5 14. Rd2 exf4 15. Bxf6 Bxf6 16. Nd5 Bd8 17. Nxf4 g5 18. Nd5 Be6 19. Rhd1 h5 20. a4 Bxd5 21. Rxd5 Be7 22. b4 0-0-0 23. c4 Kc7 24. Kc2 f6 25. Kb3 b6 26. a5 h4 27. Bg4 Rhe8 28. axb6+ Kxb6 29. Ra5 Bf8 30. Rda1 Ra8 31. b5 Rxe4 32. Rxa6+ Rxa6 33. Rxa6+ Kc7 34. Rc6+ Kb7 35. Bf3 Re3+ 36. Kc2 Kb8 37. Ra6 Be7 38. b6 d5 39. Bxd5 Ra3 40. Rxa3 Bxa3 41. h3 Bc5 42. b7 Bd6 43. Kd3 Be5 44. c5 Ba1 45. c6 Be5 46. Ke4 Ba1 47. Kf5 Be5 48. Ke6 Kc7 49. Ke7 Bd4 1/2-1/2

[Event "Obninsk op"]
[Site "Obninsk"]
[Date "2009.07.??"]
[Round "6"]
[White "Dzhangobegov, Vladimir"]
[Black "Moshensky, Denis"]
[Result "1-0"]
[WhiteElo "2242"]
[BlackElo "1925"]
[PlyCount "71"]
[EventDate "2009.07.??"]
[EventType "swiss"]
[EventRounds "9"]
[EventCountry "RUS"]
[SourceTitle "CBM 131 Extra"]
[Source "ChessBase"]
[SourceDate "2009.09.03"]
[SourceVersion "2"]
[SourceVersionDate "2009.09.16"]
[SourceQuality "1"]

1. e4 c5 2. Nf3 d6 3. d4 cxd4 4. Nxd4 Nf6 5. Nc3 a6 6. Bc4 e6 7. Bb3 b5 8. 0-0 Be7 9. f4 0-0 10. e5 dxe5 11. fxe5 Nfd7 12. Be3 Nxe5 13. Qh5 Nbc6 14. Nxc6 Nxc6 15. Ne4 Qc7 16. Rae1 Qe5 17. Bg5 Qd4+ 18. Kh1 f6 19. c3 Qd8 20. Be3 Qe8 21. Qh3 Nd8 22. Rf4 Rf7 23. Rh4 g5 24. Rh6 Qf8 25. Qh5 Qg7 26. Rd1 Bb7 27. Ng3 Bc8 28. Ne4 Rf8 29. Bd4 Nf7 30. Nxf6+ Bxf6 31. Rxf6 Rd8 32. Rf3 Qg6 33. Qxg6+ hxg6 34. Rf6 Bd7 35. Rxg6+ Kh7 36. Rg7+ 1-0

[Event "Obninsk op"]
[Site "Obninsk"]
[Date "2009.07.??"]
[Round "4"]
[White "Moshensky, Denis"]
[Black "Mulenko, Alexander"]
[Result "1/2-1/2"]
[WhiteElo "1925"]
[BlackElo "2118"]
[PlyCount "66"]
[EventDate "2009.07.??"]
[EventType "swiss"]
[EventRounds "9"]
[EventCountry "RUS"]
[SourceTitle "CBM 131 Extra"]
[Source "ChessBase"]
[SourceDate "2009.09.03"]
[SourceVersion "2"]
[SourceVersionDate "2009.09.16"]
[SourceQuality "1"]

1. e4 c5 2. Nf3 g6 3. d4 Bg7 4. c4 Qa5+ 5. Bd2 Qb6 6. Bc3 Nc6 7. d5 Nd4 8. e5 Nxf3+ 9. gxf3 d6 10. f4 Nh6 11. Bd3 Bf5 12. Bxf5 Nxf5 13. Qa4+ Kf8 14. Qc2 Nd4 15. Qe4 f5 16. exf6 exf6 17. Qd3 Re8+ 18. Kd1 f5 19. Re1 Rxe1+ 20. Kxe1 Kf7 21. Kf1 Re8 22. Nd2 Qd8 23. Re1 Rxe1+ 24. Kxe1 Qh4 25. Qg3 Qe7+ 26. Kf1 Qe2+ 27. Kg2 Nc2 28. Bxg7 Ne1+ 29. Kg1 Qxd2 30. Bc3 Qd1 31. Bxe1 Qxe1+ 32. Kg2 Qe4+ 33. Kg1 Qxc4 1/2-1/2

[Event "Moscow op-B"]
[Site "Moscow"]
[Date "2009.02.05"]
[Round "6"]
[White "Janikyan, Navek"]
[Black "Moshensky, Denis"]
[Result "0-1"]
[WhiteElo "1400"]
[BlackElo "1847"]
[PlyCount "68"]
[EventDate "2009.01.31"]
[EventType "swiss"]
[EventRounds "9"]
[EventCountry "RUS"]
[SourceTitle "EXT 2012"]
[Source "ChessBase"]
[SourceDate "2011.11.24"]
[SourceVersion "1"]
[SourceVersionDate "2011.11.24"]
[SourceQuality "1"]

1. Nf3 d5 2. c4 c6 3. b3 Nf6 4. Bb2 Bf5 5. g3 e6 6. Bg2 Nbd7 7. 0-0 Be7 8. d3 0-0 9. Nbd2 a5 10. a3 Re8 11. Re1 Nc5 12. d4 Nce4 13. c5 b6 14. Ne5 Qc7 15. Nxe4 dxe4 16. b4 bxc5 17. bxc5 Nd5 18. Qa4 Reb8 19. Bc1 Rb5 20. Nc4 Bg6 21. Bd2 h6 22. e3 f5 23. Ne5 Be8 24. Nc4 Kh8 25. Rab1 g5 26. Rec1 h5 27. Bf1 h4 28. f4 exf3 29. Kf2 g4 30. Ne5 hxg3+ 31. hxg3 Rxb1 32. Rxb1 Bf6 33. Nc4 Qh7 34. Kg1 f4 0-1

[Event "Moscow op-B"]
[Site "Moscow"]
[Date "2009.02.04"]
[Round "5"]
[White "Moshensky, Denis"]
[Black "Skoriak, Ivan"]
[Result "0-1"]
[WhiteElo "1847"]
[BlackElo "2080"]
[PlyCount "76"]
[EventDate "2009.01.31"]
[EventType "swiss"]
[EventRounds "9"]
[EventCountry "RUS"]
[SourceTitle "EXT 2012"]
[Source "ChessBase"]
[SourceDate "2011.11.24"]
[SourceVersion "1"]
[SourceVersionDate "2011.11.24"]
[SourceQuality "1"]

1. e4 e5 2. Nf3 Nc6 3. Bb5 a6 4. Ba4 Nf6 5. 0-0 b5 6. Bb3 Be7 7. Re1 d6 8. c3 0-0 9. h3 Na5 10. Bc2 c5 11. d4 Qc7 12. Nbd2 Bb7 13. Nf1 Rac8 14. d5 Rfe8 15. Ng3 g6 16. Nh2 h5 17. f4 exf4 18. Bxf4 Nd7 19. Nf3 Nc4 20. b3 Nce5 21. Rf1 Bf6 22. Ng5 Qd8 23. Qd2 c4 24. b4 Nd3 25. Be3 Qe7 26. Rf3 Rf8 27. Raf1 N3e5 28. R3f2 Nd3 29. Rf3 Ra8 30. a4 a5 31. bxa5 Rxa5 32. Bxd3 cxd3 33. axb5 Rxb5 34. Qxd3 Rb3 35. Rxf6 Nxf6 36. Qc2 Ra3 37. Bd4 Nxd5 38. exd5 Bxd5 0-1

[Event "Dmitrov Summer op"]
[Site "Dmitrov"]
[Date "2008.07.22"]
[Round "1"]
[White "Popelyshev, Igor Viktorovich"]
[Black "Moshensky, Denis"]
[Result "1/2-1/2"]
[WhiteElo "2190"]
[BlackElo "1845"]
[PlyCount "82"]
[EventDate "2008.07.21"]
[EventType "swiss"]
[EventRounds "9"]
[EventCountry "RUS"]
[SourceTitle "EXT 2022"]
[Source "ChessBase"]
[SourceDate "2021.10.06"]
[SourceVersion "1"]
[SourceVersionDate "2021.10.06"]
[SourceQuality "1"]

1. e4 c5 2. Nc3 g6 3. f4 Bg7 4. Nf3 e6 5. g3 Nc6 6. Bg2 Nge7 7. 0-0 0-0 8. d3 d6 9. g4 f5 10. gxf5 exf5 11. Kh1 Rb8 12. a4 a6 13. Be3 b5 14. axb5 axb5 15. e5 dxe5 16. Nxe5 Nxe5 17. fxe5 Bxe5 18. Bxc5 Bb7 19. d4 Bxg2+ 20. Kxg2 Bd6 21. Qf3 Bxc5 22. dxc5 Qc7 23. b4 Qc6 24. Rfe1 Qxf3+ 25. Kxf3 Nc6 26. Nd5 Nd4+ 27. Kf4 Nxc2 28. c6 Nxe1 29. Rxe1 Rbd8 30. Re5 Kg7 31. Re7+ Kg8 32. Ke5 f4 33. Nxf4 Rf5+ 34. Ke4 Rf7 35. Nd5 Rxe7+ 36. Nxe7+ Kf7 37. c7 Kxe7 38. cxd8Q+ Kxd8 39. Kd5 g5 40. Ke5 Ke7 41. Kf5 Kd6 1/2-1/2